000 01634nam0a22003131 4500
001 v19\rc\1802749
005 20251118180034.3
035 _a(NLR Aleph) 004937897
090 _a5749357
_c5749357
100 _a20071224d1906 u y0rusy50 ca
101 0 _arus
102 _aRU
105 _ay z |||||
200 1 _aБлаговестие мира
_e[Раскрытие веч. истин]
_e"Новое слово": 1) О творческих законах; 2) о строении и жизни вселенной; 3) о земле как организме; 4) об анатомических элементах земного мира; 5) об эмбриональном состоянии земного организма; 6) о предстоящем "рождении" этого организма; 7) о нравственных основах жизни и т. д.
_eУчение философское
_fСост. Ф. Палеолог [псевд.]
210 _aСанкт-Петербург
_cФ.К. Греков
_d1906
215 _a232 с.
300 _aПеред загл.: Извещение
300 _aАвт. установлен по изд.: Масанов И.Ф. Словарь псевдонимов... М., 1957. Т. 2. С. 351
700 1 _aГреков
_bФ.К.
_f1849-
_gФедор Константинович
790 1 _aПалеолог
_bФ.
_f1849-
801 0 _aRU
_bNLR
_gpsbo
801 0 _aRU
_bRuMoRGB
_2psbo
801 1 _aRU
_bProSoft-M
_2rusmarc
852 _aNLR
_j38.12.8.17
899 _aRuMoRGB
_jA 191/372
899 _aRuMoRGB
_jU 243/57
899 _aБАН
942 _cBOOK
980 _aNB